Sistemas de información geográfica y modelado hidráulico de redes de abastecimiento de agua potable : estudios de caso en la provincia de Guanacaste, Costa Rica /

Detalles Bibliográficos
Autor principal: González-Ramírez, Esteban Alberto
Otros Autores: Bejarano-Salazar, Esteban
Formato: Artículo
Lenguaje:Espa�ol
Materias:
Acceso en línea:Sitio de la revista.
Etiquetas: Agregar Etiqueta
Sin Etiquetas, Sea el primero en etiquetar este registro!

MARC

LEADER 00000nab a22000005a 4500
001 AR-BbUGT10157
003 AR-BbUGT
005 20210924094115.0
007 ta
008 200306s2019 cr |||| |||| 00| 0 spa d
999 |c 15927  |d 15927 
040 |a AR-BbUGT  |c AR-BbUGT  |e rca  |b spa 
041 0 |a spa 
100 1 |a González-Ramírez, Esteban Alberto. 
245 |a Sistemas de información geográfica y modelado hidráulico de redes de abastecimiento de agua potable :   |b estudios de caso en la provincia de Guanacaste, Costa Rica /  |c Esteban Alberto González-Ramírez, Esteban Bejarano-Salazar. 
300 |a p. 293-318  
520 3 |a Las metodologías de diseño y análisis de sistemas de acueductos y alcantarillados han ido cambiando con el surgir de nuevas herramientas y tecnologías que, además de simplificar estos procesos, resultan cada vez más confiables y precisas. La aplicación directa de estas nuevas tecnologías ha mejorado notablemente la manera en que se planifican, se diseñan y construyen los proyectos de agua potable y saneamiento en el país. El modelado hidráulico de redes es una metodología que se viene aplicando desde hace varios años, tanto para el análisis y diseño de redes de agua potable como para redes de alcantarillado. Las versiones más recientes de software de modelado hidráulico tienen la enorme ventaja de que son compatibles con Sistemas de Información Geográfica (SIG). En la presente investigación se muestra un procedimiento teórico y metodológico utilizado para simplificar el modelado hidráulico a través de la captura y sistematización de los datos en un SIG, además de una serie de resultados obtenidos de casos específicos en sistemas de la provincia de Guanacaste en Costa Rica. 
651 4 |a Costa Rica  |9 732 
653 |a Agua 
653 |a Recursos hidráulicos 
653 |a Sistemas de información geográfica 
653 |a Abastecimiento de agua 
653 |a Modelo digital de terreno 
700 1 |a Bejarano-Salazar, Esteban. 
773 0 |d Heredia : Editorial de la Universidad Nacional, [1974] - .  |x 1011-484X  |t Revista Geográfica de América Central  |w AR-BbUGT7170  |g Vol. 63 (julio - dic. 2019), p. 293-318  |q 63<293. 
856 4 1 |3 Texto completo.  |u https://doi.org/10.15359/rgac.63-2.11  |y Sitio de la revista. 
942 |2 ddc  |c ARTPP